| 000 | 00812nam a2200265Ia 4500 | ||
|---|---|---|---|
| 003 | OSt | ||
| 005 | 20221002055527.0 | ||
| 006 | a|||||r|||| 00| 0 | ||
| 007 | ta | ||
| 008 | 220930b |||||||| |||| 00| 0 eng d | ||
| 020 | _c600 | ||
| 024 | _a115271 | ||
| 037 |
_b495, 21/03/2012, Eastern Book Linkers _cReference Collections |
||
| 040 |
_aCRL _cCRL _beng |
||
| 041 |
_2eng _aeng |
||
| 082 | _aLB:4:7x2,1, Q0.1(RR) | ||
| 100 | _aSharma Priya Vrat | ||
| 245 | 0 | _aSushruta samhita | |
| 260 |
_aVaranasi _bChaukhamba Vishvabharti India _c2010 |
||
| 300 |
_aviii,568p. _ccm. |
||
| 650 |
_a VEDAS - AYUREVEDA _928050 |
||
| 650 | _aMEDICINE | ||
| 942 |
_hLB:4:7x2,1, Q0.1(RR) _cref _2CC |
||
| 999 |
_c927909 _d927909 |
||